Tractatus de Indulgentiis (Registro nro. 72431)

Detalles MARC
000 -ENCABEZADO
Número de control [NR] 02476nam a2200301Ia 4500
005 - FECHA Y HORA DE LA ÚLTIMA TRANSACCIÓN
control field 20171107095213.0
008 - DE LONGITUD FIJA DE DATOS DE ELEMENTOS - INFORMACIÓN GENERAL
Elementos de longitud fija [NR] 130821s1695 it fr 1 lats
040 ## - FUENTE DE CATALOGACION [NR]
Agencia de catalogación original [NR] Co-BoUCM
Idioma de catalogación [NR] spa
Quien Cataloga Sandra Yazo
Quien Clasifica Sandra Yazo
041 0# - CODIGO DE IDIOMA [R]
Código de idioma para texto/pista de sonido o título separado [R] Latín
082 04 - NUMERO DE CLASIFICACION DECIMAL DEWEY [R]
Número de clasificación [R] 265.66
Número de la edición [NR] 20
092 ## - SIGNATURA TOPOGRAFICA LOCAL
Número de clasificación local E07N083
100 1# - ASIENTO PRINCIPAL--NOMBRE PERSONAL [NR]
Nombre personal [NR] Passerini, Pietro Maria
Fechas asociadas con el nombre [NR] 1596-1677
ID Autoridad 62623
242 00 - TRADUCCION DEL TITULO POR LA AGENCIA CATALOGADORA [R]
Título [NR] Tratado sobre las indulgencias
Mención de responsabilidad, etc. [NR] de Fray Pedro María Passerini
Código de idioma del título traducido [NR] spa
245 10 - MENCION DE TITULO [NR]
Mención de responsabilidad, etc. [NR] F. Petri Mariae Passerini ...
Título [NR] Tractatus de Indulgentiis
250 ## - MENCION DE EDICION [NR]
Mención de edición [NR] Editio tertia [Tercera edición]
260 ## - PUBLICACION, DISTRIBUCION, ETC. (PIE DE IMPRENTA) [R]
Lugar de publicación, distribución, etc. [R] Venetiis [Venecia] (Italia)
Nombre del editor, distribuidor, etc. [R] Ex Typographia Hyeronimi Albritii [En la imprenta de Jerónimo Albrizzi]
Fecha de publicación, distribución, etc. [R] 1695
300 ## - DESCRIPCION FISICA [R]
Extensión [R] [8], 182 páginas
Dimensiones [R] 32 x 22 cm.
500 ## - NOTA GENERAL [R]
Nota general [NR] Detalles físicos: Ejemplar sin encuadernación. Guardas rotas, con anotaciones manuscritas e incompletas. Primeras páginas desprendidas. Portada impresa en una sola tinta, con una anotación manuscrita de propiedad. Dedicatoria. Cenefa. Mayúscula capital. Texto impreso en dos columnas con diversos tipos y tamaños de letra. Sumarios al inicio de cada capítulo, párrafos numerados. Signatura y reclamos. Pág. 5 – 8 desprendidas. Error de paginación en 146 [144]. Papel manchado
505 1# - NOTA DE CONTENIDO CON FORMATO PREESTABLECIDO [R]
Nota de contenido con formato preestablecido [NR] Qué son las indulgencias ; El tesoro de los méritos de Cristo y de los santos ; Si la Iglesia puede conceder indulgencias a los fieles pecadores ; Si lo hace con potestad de orden o con potestad de jurisdicción ; Si el efecto de la indulgencia se extiende a la remisión de la culpa ; La indulgencia plenaria o total ; Cómo se cuentan los días y años de las indulgencias ; Si solamente los “homini viatores” pueden recibir las indulgencias ; Las indulgencias locales ; Las indulgencias generales ; Si es necesaria la fe para beneficiarse de las indulgencias ; Si el excomulgado es capaz de indulgencias ; Si para ganar las indulgencias es necesaria la confesión
506 ## - NOTA DE RESTRICCIONES DE ACCESO [R]
Condiciones de acceso [NR] Consulta en sala
546 ## - NOTA DE IDIOMA [R]
Nota de idioma [NR] Texto en latín
650 #7 - ASIENTO SECUNDARIO DE MATERIA - TERMINO TEMATICO [R]
Término temático o nombre geográfico como elemento de entrada [NR] Disciplina eclesiástica
9 (RLIN) 13326
Subdivisión general [R] Obras anteriores a 1800
650 #7 - ASIENTO SECUNDARIO DE MATERIA - TERMINO TEMATICO [R]
Término temático o nombre geográfico como elemento de entrada [NR] Indulgencias
Subdivisión general [R] Obras anteriores a 1800
9 (RLIN) 17369
650 #7 - ASIENTO SECUNDARIO DE MATERIA - TERMINO TEMATICO [R]
Término temático o nombre geográfico como elemento de entrada [NR] Teología
Subdivisión general [R] Obras anteriores a 1800
9 (RLIN) 37836
690 ## - ASUNTO AGREGADO LOCAL DE ENTRADA - TÉRMINO TEMÁTICO (OCLC, RLIN)
Acceso temático local Teología
9 (RLIN) 25230
856 41 - LOCALIZACION Y ACCESO ELECTRONICOS [R]
Nota dirigida al público [R] Disponble en línea
Identificador Uniforme del Recurso (“URI”) [R] <a href="http://books.google.com/books?id=P_REAAAAcAAJ&printsec=frontcover&dq=Tractatus+de+Indulgentiis&hl=es&ei=XD_NTbPTIYjk0QHTyfGgDg&sa=X&oi=book_result&ct=result&resnum=2&ved=0CC4Q6AEwAQ#v=onepage&q&f=false">http://books.google.com/books?id=P_REAAAAcAAJ&printsec=frontcover&dq=Tractatus+de+Indulgentiis&hl=es&ei=XD_NTbPTIYjk0QHTyfGgDg&sa=X&oi=book_result&ct=result&resnum=2&ved=0CC4Q6AEwAQ#v=onepage&q&f=false</a>
942 ## - ELEMENTOS DE ENTRADA AGREGADOS (KOHA)
Tipo de ítem principal el descrito en 300a Libro
Tema principal 4
Edición 3
Sistema de clasificación LOCAL
Clasificación E07N083
Existencias
Suprimido Perdido Sistema de clasificación Dañado No prestable Tipo de ítem específico Ubicación habitual Ubicación actual Localización Fecha de creación Forma de adquisición Costo Total préstamos Signatura topográfica Código de barras Última vez visto Ejemplar Price effective from Tipo de ítem
    LOCAL     Libro archivo Archivo Histórico Archivo Histórico Archivo histórico 02/07/2014 Donación 0.00   E07N083 L001338 15/12/2012 Ej.1 03/02/2013 Libro